|
|
|
|
| LEADER |
00000nab a2200000 a 4500 |
| 001 |
vtls000291641 |
| 003 |
SK-MaSNL |
| 005 |
20260304235742.0 |
| 008 |
250422c1987 xo 0 slo |
| 015 |
|
|
|a SNBRB19rr/mm-uuuuu
|
| 035 |
|
|
|a CL0301760
|
| 035 |
|
|
|a urn:nbn:sk:snk-abbhch
|
| 035 |
|
|
|a (urnnbn)urn:nbn:sk:snk:ar-a0alvx
|
| 035 |
|
|
|a (uuid)336aa199-fad1-4190-9147-3d867e0047fb
|
| 040 |
|
|
|a SNKBUCL
|b slo
|c SNKBUCL
|e AACR2
|
| 041 |
0 |
|
|a slo
|
| 044 |
|
|
|a xo
|c SK
|
| 080 |
|
|
|a 621(437):330.341.1
|2 1981
|
| 080 |
|
|
|a 330.341.1
|2 1981
|
| 100 |
1 |
|
|a Sapák, Ján
|4 aut
|9 519647
|
| 245 |
1 |
0 |
|a Inovácia výrob a štrukturálna prestavba strojárstva
|c Ján Sapák
|
| 650 |
0 |
7 |
|a strojárstvo
|2 snkbucl
|9 674
|
| 650 |
0 |
7 |
|a inovácia výroby
|2 snkbucl
|9 928859
|
| 655 |
|
7 |
|a články z novín a časopisov
|2 snkbucl
|9 267496
|
| 773 |
0 |
|
|t Technická práca
|g Roč. 39, č. 9 (1987), s. 9-12
|
| 850 |
|
|
|a Slovenská národná knižnica
|
| 852 |
|
|
|a Slovenská národná knižnica
|
| 954 |
|
|
|a odborná, vedecká literatúra pôvodná (slovenská)
|2 lita
|
| 958 |
|
|
|a article15
|
| 958 |
|
|
|a RK
|
| 958 |
|
|
|a OND
|
| 958 |
|
|
|a EUIPO
|
| 992 |
|
|
|a RBX
|
| 999 |
|
|
|c 3210331
|d 3212261
|